| 000 | 00783nam a22002417a 4500 | ||
|---|---|---|---|
| 003 | UA-OsUOA | ||
| 001 | 123371 | ||
| 007 | ta | ||
| 008 | 20170613b un ||||| |||| 00| 0 ukr d | ||
| 100 | _aКарчева Г. | ||
| 700 | _aЛернатович Р. | ||
| 700 | _aКавецький В. | ||
| 090 |
_a330(447) _bК27 |
||
| 942 | _cSA | ||
| 040 |
_aUA-OsUOA _bukr _cUA-OsUOA _dUA-OsUOA |
||
| 245 | _aВикористання технологій "блокчейн" як фактор підвищення ефективності фінансової сфери | ||
| 300 | _aС.110-120 | ||
| 955 | _a0 | ||
| 041 | _aukr | ||
| 080 | _a330(447) | ||
| 773 | 0 |
_w123364 _tБанківська справа _dК. _d2017 _g2 |
|
| 650 | 7 |
_a330 Економіка взагалі _2UDC |
|
| 999 |
_c410385 _d410385 |
||